000 00485nam a22001697a 4500
003 BD-ChCU
005 20260423124252.0
008 260423b bg ||||| |||| 00| 0 ben d
040 _cBD-ChCU
082 _a547.84 TOP
100 _aTobolsky , Arthur V.
_921841
245 _aProperties and structure of polymers ./
_cArthur V. Tobolsky .
260 _aPrinceton .
_bWiley ,
_cC 1960
300 _aix , 331p.
650 0 _aPolymers and polymers Action .
_921844
942 _2ddc
_cBK
_n0
999 _c112383
_d112383